Sports Quiz

Random Sports or Nation Quiz

Top XIs: UEFA Euro 1992 Quiz Stats

 Plays Quiz not verified by Sporcle

Challenge
Share
Tweet
Embed
Score 0/88 Timer 08:00
0 Plays Today
Nation Player % Correct
DenmarkBrian Laudrup
95.4%
DenmarkPeter Schmeichel
93.7%
GermanyJürgen Klinsmann
92.9%
NetherlandsMarco van Basten
89.9%
NetherlandsRuud Gullit
87.4%
NetherlandsFrank Rijkaard
87%
NetherlandsRonald Koeman
86.6%
GermanyBodo Illgner
84.9%
EnglandGary Lineker
84%
FranceJean-Pierre Papin
83.6%
GermanyJürgen Kohler
80.3%
FranceDidier Deschamps
78.6%
SwedenTomas Brolin
78.6%
FranceÉric Cantona
78.2%
GermanyMatthias Sammer
77.3%
SwedenMartin Dahlin
76.1%
GermanyThomas Häßler
75.6%
NetherlandsHans van Breukelen
74.8%
NetherlandsDennis Bergkamp
74.8%
SwedenThomas Ravelli
74.8%
SwedenPatrik Andersson
73.9%
EnglandStuart Pearce
73.5%
EnglandDavid Platt
72.7%
DenmarkJohn Jensen
71.8%
GermanyKarl-Heinz Riedle
71.8%
FranceLaurent Blanc
70.2%
FranceBasile Boli
70.2%
GermanyStefan Reuter
68.1%
GermanyAndreas Brehme
67.2%
EnglandChris Woods
65.5%
Nation Player % Correct
ScotlandAlly McCoist
65.1%
GermanyGuido Buchwald
63.4%
ScotlandGary McAllister
62.6%
ScotlandAndy Goram
62.2%
DenmarkLars Olsen
60.5%
GermanyThomas Helmer
60.5%
DenmarkKent Nielsen
60.1%
GermanyStefan Effenberg
60.1%
DenmarkKim Vilfort
59.7%
DenmarkHenrik Larsen
59.2%
NetherlandsJan Wouters
58%
DenmarkFlemming Povlsen
57.1%
FranceBruno Martini
56.7%
CIS (Former USSR)Dmitri Kharine
56.3%
NetherlandsRob Witschge
56.3%
EnglandMartin Keown
55.9%
FranceManuel Amoros
55.9%
FranceFranck Sauzée
55.5%
NetherlandsBryan Roy
54.6%
SwedenRoland Nilsson
54.2%
SwedenJonas Thern
53.4%
NetherlandsAdri van Tiggelen
52.9%
SwedenStefan Schwarz
52.1%
NetherlandsBerry van Aerle
51.3%
EnglandAlan Smith
50.8%
CIS (Former USSR)Viktor Onopko
49.2%
CIS (Former USSR)Andrei Kanchelskis
47.9%
SwedenAnders Limpar
47.9%
DenmarkJohn Sivebæk
47.5%
SwedenKlas Ingesson
46.2%
Nation Player % Correct
EnglandCarlton Palmer
45.4%
EnglandTrevor Steven
45%
DenmarkHenrik Andersen
42%
SwedenJoachim Björklund
41.6%
EnglandAndy Sinton
40.8%
ScotlandGordon Durie
40.3%
FranceLuis Fernández
39.1%
DenmarkKim Christofte
38.7%
ScotlandPaul McStay
38.2%
ScotlandRichard Gough
37.8%
EnglandDavid Batty
35.7%
SwedenJan Eriksson
34.9%
ScotlandStuart McCall
33.2%
CIS (Former USSR)Sergei Yuran
29.8%
FranceBernard Casoni
29.4%
ScotlandStewart McKimmie
29.4%
CIS (Former USSR)Oleh Kuznetsov
29%
CIS (Former USSR)Dmitri Kuznetsov
29%
ScotlandBrian McClair
26.5%
CIS (Former USSR)Igor Dobrovolski
25.6%
ScotlandMaurice Malpas
24.8%
EnglandTony Daley
24.4%
FranceChristian Perez
24.4%
CIS (Former USSR)Igor Kolyvanov
23.5%
ScotlandDave McPherson
20.2%
CIS (Former USSR)Akhrik Tsveiba
13.4%
CIS (Former USSR)Oleksiy Mykhaylychenko
12.2%
CIS (Former USSR)Andrei Chernyshov
10.1%

You're not logged in!

Compare scores with friends on all Sporcle quizzes.
OR
Log In

You Might Also Like...

Show Comments

Extras

Top Quizzes Today


Score Distribution

Your Account Isn't Verified!

In order to create a playlist on Sporcle, you need to verify the email address you used during registration. Go to your Sporcle Settings to finish the process.

Report this User

Report this user for behavior that violates our Community Guidelines.

Details: